000 00221nam a22001097a 4500
040 _cSY
082 _a344
100 _aDEAP LOEUNG
245 _aFish gears of the cambodian mekong
260 _aRUA
_bDEA
_c2003
942 _cEK
999 _c9524
_d9524